West Ham Squad - Statistics

General Stats
  • This quiz has been taken 25 times
  • The average score is 13 of 24
Answer Stats
Number Player % Correct
16 Noble
91%
27 Payet
86%
30 Antonio
77%
3 Cresswell
77%
13 Adrian
73%
9 Carroll
68%
19 Collins
68%
8 Kouyate
68%
28 Lanzini
68%
15 Sakho
68%
5 Tomkins
68%
11 Valencia
68%
21 Ogbonna
64%
2 Reid
64%
1 Randolph
59%
35 Oxford
55%
14 Obiang
45%
4 Song
41%
17 O'Brien
32%
20 Moses
27%
29 Emenike
23%
25 Henry
14%
34 Spiegel
14%
33 Hendrie
5%
No matching quizzes found
Score Distribution
Percent of People with Each Score
Percentile by Number Answered
Your Score History
You have not taken this quiz